Middle east / (Record no. 344194)

000 -LEADER
fixed length control field 00801 a2200229 4500
020 ## - INTERNATIONAL STANDARD BOOK NUMBER
International Standard Book Number 0382095146
020 ## - INTERNATIONAL STANDARD BOOK NUMBER
International Standard Book Number 9780382095146
082 04 - DEWEY DECIMAL CLASSIFICATION NUMBER
Classification number 956
090 ## - LOCALLY ASSIGNED LC-TYPE CALL NUMBER (OCLC); LOCAL CALL NUMBER (RLIN)
-- 1679
-- 1679
100 1# - MAIN ENTRY--PERSONAL NAME
Personal name Mason, Antony.
245 10 - TITLE STATEMENT
Title Middle east /
Statement of responsibility, etc. Antony Mason.
260 ## - PUBLICATION, DISTRIBUTION, ETC.
Place of publication, distribution, etc. [S.l.] :
Name of publisher, distributor, etc. Silver Burdett Pr,
Date of publication, distribution, etc. 1988.
300 ## - PHYSICAL DESCRIPTION
Extent 46 p. :
Other physical details col. ill. ;
Dimensions 25 cm.
490 1# - SERIES STATEMENT
Series statement People & places.
500 ## - GENERAL NOTE
General note Library Binding.
520 ## - SUMMARY, ETC.
Summary, etc. Text and illustrations introduce the geography, history, people, and culture of the Middle East.
700 1# - ADDED ENTRY--PERSONAL NAME
Personal name Savage, Ann.
830 #0 - SERIES ADDED ENTRY--UNIFORM TITLE
Uniform title People & places.
856 40 - ELECTRONIC LOCATION AND ACCESS
Materials specified Amazon.com
Uniform Resource Identifier <a href="http://www.amazon.com/exec/obidos/ASIN/0382095146/chopaconline-20">http://www.amazon.com/exec/obidos/ASIN/0382095146/chopaconline-20</a>
856 40 - ELECTRONIC LOCATION AND ACCESS
Materials specified Amazon customer reviews
Uniform Resource Identifier <a href="http://www.chopac.org/cgi-bin/tools/azrev.pl?q=0382095146">http://www.chopac.org/cgi-bin/tools/azrev.pl?q=0382095146</a>
942 ## - ADDED ENTRY ELEMENTS (KOHA)
Institution code [OBSOLETE] NBS
Koha item type Book
Call number prefix 956 MAS
Holdings
Withdrawn status Lost status Damaged status Not for loan Permanent Location Current Location Shelving location Date acquired Total Checkouts Full call number Barcode Date last seen Date last checked out Price effective from Koha item type
        Central Library (CL) Central Library (CL) Chinese Studies 08/28/2013 1 956 MAS NBS796 11/22/2017 08/28/2017 08/28/2013 Book
© 2023 Central Library, National University of Sciences and Technology. All Rights Reserved.